000
00261nam a2200085Ia 4500
245
0
_a
Season of rains : Africa in the world
100
_a
Ellis, Stephen, Auckland Park, South Africa, 2011
_9
69381
942
_c
BK
008
210817s9999 xx 000 0 und d
999
_c
322640
_d
322639